| 000 | 00565nam a2200169 a 4500 | ||
|---|---|---|---|
| 001 | 000021371 | ||
| 005 | 20200930011317.0 | ||
| 008 | 100907t1985 ag 000 0 spa d | ||
| 020 | _a9500405806 | ||
| 040 |
_aDO-SdBNP _bspa _cBNPHU |
||
| 082 |
_axxxx _bxxxxx |
||
| 100 | 1 |
_aDavis, Wade _944623 |
|
| 245 | 1 | 3 |
_aLa serpiente y el arco iris : _bhistoria secreta de la magía, los zombis y el vudú / _cWade Davis ; traducción Daniel Zadunaisky. |
| 260 |
_aArgentina : _bEmecé Editores, _c1985. |
||
| 300 |
_a308 p. ; _c21 cm. |
||
| 700 | 1 |
_aZadunaisky, Daniel _etr. _98874 |
|
| 999 |
_c20871 _d20871 |
||